000 00811nam a2200229Ia 4500
003 GCL
008 140319s9999 xx 000 0 ara d
040 _aGCL /
_cGCL
082 0 4 _a327.11
_bم ك
100 1 _aمؤسسة الكويت للتقدم العلمى
245 1 0 _aالكويت وجودا وحدودا الحقائق الموضوعية والادعاءات الواقعية /
_cمؤسسة الكويت للتقدم العلمى
260 _a[S.N] :
_bمؤسسة الكويت للتقدم العلمى ،
_c1991
300 _a223 ص
490 _a
650 0 4 _aالكويت
650 0 4 _aالعالم العربى
650 0 4 _aالعراق
650 0 4 _aحرب الخليج
650 0 4 _aالحدود السياسية
650 0 4 _aالجغرافيا السياسية
942 _2ddc
_cBK
999 _c31026
_d31026